Normal view
MARC view
- DE-MECH-34
Entry Topical Term
001 - CONTROL NUMBER
- control field: 70795
003 - CONTROL NUMBER IDENTIFIER
- control field: NUST
005 - DATE AND TIME OF LATEST TRANSACTION
- control field: 20210628204543.0
008 - FIXED-LENGTH DATA ELEMENTS
- fixed length control field: 210628|| aca||aabn | a|a d
040 ## - CATALOGING SOURCE
- Original cataloging agency: NUST
- Transcribing agency: NUST
150 ## - HEADING--TOPICAL TERM
- Topical term or geographic name entry element: DE-MECH-34
670 ## - SOURCE DATA FOUND
- Source citation: Work cat.: (NUST): NS MUHAMMAD HAMZA ARSHAD NS MUHAMMAD BILAL KHAWAR NS SAAD BIN TAHIR 70794, PR-SOF-1521-DESIGN FABRICATION AND ANALYSIS OF A SMALL SCALE WATER TUNNEL, 2016
